000 00811nam a2200253 i 4500
001 181040
003 ES-MaACL
005 20251012195251.0
008 121005s2010 sp a | |||||||| | spa d
020 _a978-84-08-09050-2
080 _a821.111(73)-31"19"
100 1 _aFahy, Warren.
_9151565
245 1 0 _aHenders /
_cWarren Fahy ; traducción de Gerardo Di Masso.
250 _a1ª ed.
260 _aBarcelona :
_bPlaneta,
_c2010.
300 _a391 p. :
_bil. ;
_c24 cm.
490 1 _aPlaneta internacional
700 1 _aMasso, Gerardo di,
_d1949-
_9151566
830 0 _aPlaneta internacional
_9189078
852 _aES-MaACL
_jA-12256
_9187923
_bR.147190
_cDEPO1
_dOlim: N-5261
_xDonación: Arturo Bravo
903 _9234203
_aBravo, Arturo
_ednr
942 _2udc
_cMONOGRAFIA
999 _c181040
_d181040